006450000a22001810004500003001100000005001700011008004100028040003900069041000800108082001800116100002000134245006600154260005600220300008400276650002900360650003900389650003500428LK-CoMWRAF20240120121943.0230817t2002 ||||| |||| 00| 0 eng d aLK-CoMWRAFdLK-CoMWRAFeLK-CoMWRAF aeng a323.3409bSHA aShaheed, Farida a Imagined citizenship :b women, state & politics in Pakistan aLahore:bShirkat Gah Women's Resource Centre,c2002 a 187 p. : ill. (chiefly color), map ; 28 cmbBibliography and glossary included aWomen Attitudes-Pakistan aWomen Political activity -Pakistan aWomen in public life- Pakistan